Michigan True or False - Statistics

General Stats
  • This quiz has been taken 99 times
  • The average score is 9 of 15
Answer Stats
Question Answer % Correct
Stevie Wonder was born in Michigan TRUE
100%
Flint is one of the 5 biggest cities in Michigan FALSE
80%
Michigan touches all 5 of the Great Lakes FALSE
80%
Michigan has hosted the Super Bowl TRUE
80%
Michigan fought a war with another U.S. state TRUE
80%
The Macinac Bridge is the largest suspension bridge in the world FALSE
60%
Michigan and Illinois share a land border FALSE
60%
You can travel south from Michigan and arrive in Canada TRUE
60%
Michigan employs more people in the auto industry TRUE
60%
University of Michigan has more wins than any other NCAA football program TRUE
60%
Mitt Romney was born in Michigan TRUE
60%
Detroit has the highest violent crime rate per capita in US FALSE
40%
The first automobile manufactured in the U.S. was made in Michigan FALSE
40%
You need to receive a permit to drive on Macinac Island FALSE
20%
Detroit is the capitol city TRUE
0%
No matching quizzes found
Score Distribution
Percent of People with Each Score
Percentile by Number Answered
Your Score History
You have not taken this quiz